000 00457nam a2200193Ia 4500
005 20250425161247.0
008 250425s9999 xx 000 0 und d
041 _aeng
082 _a547.84
100 _aPLATZER, NORBERT
245 0 _aIRRADIATION OF POLYMERS
250 _a1TH ED.
260 _aEstados Unidos
_bAMERICAN CHEMICAL SOCIETY
_c1967
260 _aWASHINGTON
300 _a271
650 _aPOLIMEROS
942 _c01
010 _a16365
999 _c205660
_d205660